000 00736nam a2200253 i 4500
003 DO-SdBNP
005 20250411141842.0
008 250411b2025 dr ||||| |||| 00| 0 spa d
020 _a9789945654950
040 _aDO-SdBNP
_bspa
_cBNPHU
_erda
041 _aspa
082 4 _a0
_bP426c
_222
100 1 _aPeralta, Amable,
_d1961-
_eautor
_4aut.
_987433
245 1 0 _aCachimbo e barro /
_cAmable Peralta
250 _aPrimera edición
264 4 _aSanto Domingo :
_bEditorial Santuario
_c©2025.
300 _a125 páginas ;
_c23 cm.
336 _atexto
_btxt
_2rdacontent
337 _asin mediación
_bn
_2rdamedia
338 _avolumen
_bnc
_2rdacarrier
590 _aInventariado, 2025 /LP
910 _aLP
942 _2ddc
_cLBS1
999 _c58430
_d58430